[Event "Stay Safe Play From Home 322"]
[Site "Emanuel Lasker Arena"]
[Date "2020.07.22"]
[Round "3"]
[White "Lazieri3"]
[Black "Justwatch"]
[Result "0-1"]
[WhiteElo "2115"]
[BlackElo "1639"]
[Annotator "NA"]
[PlyCount "110"]
[EventDate "2020.07.22"]
[EventType "swiss (blitz)"]

1. e4 {[%emt 0:00:01]} Nf6 {[%emt 0:00:00]} 2. Nc3 {[%emt 0:00:00]} e5 {[%emt 0:00:01]} 3. Nf3 {[%emt 0:00:01]} d6 {[%emt 0:00:00]} 4. d4 {[%emt 0:00:01]} Nc6 {[%emt 0:00:00]} 5. Bc4 {[%emt 0:00:01]} Bg4 {[%emt 0:00:01]} 6. dxe5 {[%emt 0:00:01]} Bxf3 {[%emt 0:00:00]} 7. Qxf3 {[%emt 0:00:02]} Nxe5 {[%emt 0:00:00]} 8. Qe2 {[%emt 0:00:02]} Nxc4 {[%emt 0:00:00]} 9. Qxc4 {[%emt 0:00:00]} Be7 {[%emt 0:00:01]} 10. O-O {[%emt 0:00:01]} O-O {[%emt 0:00:00]} 11. Re1 {[%emt 0:00:01]} Nd7 {[%emt 0:00:00]} 12. f3 {[%emt 0:00:01]} Ne5 {[%emt 0:00:00]} 13. Qe2 {[%emt 0:00:01]} Ng6 {[%emt 0:00:00]} 14. Be3 {[%emt 0:00:02]} Bf6 {[%emt 0:00:00]} 15. Qd3 {[%emt 0:00:01]} Bxc3 {[%emt 0:00:01]} 16. Qxc3 {[%emt 0:00:01]} Qd7 {[%emt 0:00:00]} 17. Rad1 {[%emt 0:00:04]} Rac8 {[%emt 0:00:01]} 18. Qd4 {[%emt 0:00:01]} Qe6 {[%emt 0:00:01]} 19. Qd5 {[%emt 0:00:01]} Qxd5 {[%emt 0:00:01]} 20. Rxd5 {[%emt 0:00:00]} Ne5 {[%emt 0:00:00]} 21. Bf4 {[%emt 0:00:01]} Nc6 {[%emt 0:00:01]} 22. c3 {[%emt 0:00:02]} Ne7 {[%emt 0:00:01]} 23. Rd2 {[%emt 0:00:01]} Ng6 {[%emt 0:00:00]} 24. Bg3 {[%emt 0:00:01]} h5 {[%emt 0:00:01]} 25. e5 {[%emt 0:00:01]} h4 {[%emt 0:00:01]} 26. Bf2 {[%emt 0:00:01]} Nxe5 {[%emt 0:00:01]} 27. Bxh4 {[%emt 0:00:01]} Rfe8 {[%emt 0:00:02]} 28. Rde2 {[%emt 0:00:02]} Kf8 {[%emt 0:00:02]} 29. Bg3 {[%emt 0:00:01]} Nc4 {[%emt 0:00:01]} 30. Rxe8+ {[%emt 0:00:02]} Rxe8 {[%emt 0:00:00]} 31. Rxe8+ {[%emt 0:00:01]} Kxe8 {[%emt 0:00:00]} 32. b3 {[%emt 0:00:00]} Na3 {[%emt 0:00:01]} 33. Kf2 {[%emt 0:00:01]} Nb5 {[%emt 0:00:00]} 34. c4 {[%emt 0:00:02]} Nd4 {[%emt 0:00:00]} 35. Ke3 {[%emt 0:00:01]} Nc6 {[%emt 0:00:00]} 36. Kd3 {[%emt 0:00:01]} g6 {[%emt 0:00:00]} 37. a3 {[%emt 0:00:01]} Kd7 {[%emt 0:00:00]} 38. b4 {[%emt 0:00:01]} Nd8 {[%emt 0:00:01]} 39. c5 {[%emt 0:00:01]} Ne6 {[%emt 0:00:00]} 40. cxd6 {[%emt 0:00:01]} cxd6 {[%emt 0:00:00]} 41. Kc4 {[%emt 0:00:02]} Nc7 {[%emt 0:00:00]} 42. b5 {[%emt 0:00:01]} b6 {[%emt 0:00:01]} 43. a4 {[%emt 0:00:01]} Ne6 {[%emt 0:00:01]} 44. Bf2 {[%emt 0:00:01]} Nf4 {[%emt 0:00:01]} 45. a5 {[%emt 0:00:02]} d5+ {[%emt 0:00:05]} 46. Kb4 {[%emt 0:00:03]} Nd3+ {[%emt 0:00:01]} 47. Kc3 {[%emt 0:00:01]} Nxf2 {[%emt 0:00:01]} 48. axb6 {[%emt 0:00:00]} axb6 {[%emt 0:00:00]} 49. Kd4 {[%emt 0:00:01]} Kd6 {[%emt 0:00:01]} 50. Ke3 {[%emt 0:00:01]} Nd1+ {[%emt 0:00:01]} 51. Kd2 {[%emt 0:00:00]} Nb2 {[%emt 0:00:00]} 52. Kc3 {[%emt 0:00:00]} Na4+ {[%emt 0:00:00]} 53. Kb4 {[%emt 0:00:01]} Nc5 {[%emt 0:00:00]} 54. f4 {[%emt 0:00:01]} Nb7 {[%emt 0:00:00]} 55. f5 {[%emt 0:00:00]} f6 {[%emt 0:00:01] Time (Lag: Av=0.54s, max=1.0s)} 0-1

[Event "Stay Safe Play From Home 322"]
[Site "Emanuel Lasker Arena"]
[Date "2020.07.22"]
[Round "3"]
[White "Stefanone"]
[Black "Broken sword"]
[Result "0-1"]
[WhiteElo "2090"]
[BlackElo "2440"]
[Annotator "TA"]
[PlyCount "134"]
[EventDate "2020.07.22"]
[EventType "swiss (blitz)"]

{[%evp 9,134,-25,-34,-29,15,12,33,20,50,54,62,49,57,-85,42,-66,18,15,69,5,27,34,38,29,49,22,14,18,28,20,18,0,0,-70,-12,-52,-12,-58,-50,-75,-70,-70,-70,-74,-71,-76,37,23,31,0,0,-118,-8,-266,-281,-400,-385,-382,-118,-121,-125,-142,-70,-41,-72,-65,-60,-226,-88,-900,-895,-860,-792,-897,-589,-1359,-1325,-2439,-2206,-2687,-2717,-2494,-2291,-2206,-1891,-2171,-1882,-2200,-2045,-3010,-1278,-2111,-2127,-2359,-2127,-29973,-29973,-29974,-29973,-29973,-29973,-29972,-12837,-29981,-29982,-29981,-29982,-29982,-29982,-29983,-29984,-29986,-29987,-29990,-29991,-29991,-29991,-29991,-29992,-29992,-29992,-29992,-29993,-29993,-29993,-29997,-29998]} 1. g3 d5 2. Bg2 c6 3. d3 Nf6 4. Nd2 Bg4 5. f3 Bh5 6. e4 {A00: Irregular Openings.} e6 {[#]} 7. Qe2 $146 ({Predecessor:} 7. Ne2 Bc5 8. d4 Bb6 9. O-O dxe4 10. Nb3 exf3 11. Bxf3 Bxf3 12. Rxf3 O-O 13. Bg5 {0-1 (21) Tsolov,T-Andreev,D (2073) Sofia 2012}) 7... Be7 8. Nh3 {White is slightly better.} a6 9. Nf4 {e5 is the strong threat.} Bg6 10. Nxg6 hxg6 11. O-O (11. f4 $14 {stays ahead.}) 11... Nbd7 (11... Qb6+ $17 12. Kh1 Nbd7) 12. f4 (12. d4 $14) 12... dxe4 (12... Bc5+ $15 13. Kh1 Nh5) 13. Nxe4 $11 Nc5 (13... Nxe4 $11 14. dxe4 e5) 14. Nxf6+ ({White should play} 14. Ng5 $14) 14... Bxf6 15. Be3 Bd4 16. Rad1 Qd7 17. Bxd4 (17. c3 {seems wilder.} Bxe3+ 18. Qxe3 Na4 19. Rf2 Qd8 20. c4) 17... Qxd4+ {[%mdl 64] Double Attack} 18. Qf2 Qxf2+ 19. Rxf2 O-O-O 20. b4 Na4 21. a3 ({White should try} 21. Rb1 $11) 21... Rd7 (21... Nc3 $15 22. Re1 Kc7) 22. Re1 Rhd8 23. Be4 Nc3 24. h3 Nb5 25. g4 Nxa3 26. f5 gxf5 27. gxf5 {[#]} e5 ({Better is} 27... Nb5 $1 $17) 28. f6 $14 {[%mdl 1024] White has compensation.} g6 $1 29. h4 Kc7 $36 {[%mdl 2048] Black is pushing.} 30. Rg2 {[#]} (30. c4 $11 {remains equal.}) 30... Rh8 (30... Nb5 $1 $17 31. h5 gxh5) 31. Re3 $2 {[%mdl 8192]} (31. c4 $1 $11 {and White is okay.}) 31... Rxh4 $19 32. Reg3 (32. c4 $142) 32... Rd6 33. Rf2 Rh5 $2 {[#]} (33... Rf4 $19 34. Re2 Nb5) 34. Bxg6 $1 $17 {[%mdl 512]} fxg6 35. f7 Rd8 (35... Rh8 $17 {White must now prevent ...Rf8.} 36. f8=Q Rxf8 37. Rxf8 Nxc2 38. Rf7+ Kb6) 36. f8=Q $15 Rxf8 37. Rxf8 Nxc2 {[%mdl 4096] Endgame KRR-KRN} 38. Rf6 $2 {Black converts the advantage convincingly.} (38. Rxg6 $15 Nxb4 39. Rg7+ Kb6 40. Rb8 Nxd3 41. Rgxb7+ Kc5 42. Ra7) 38... Nd4 (38... Nxb4 $19 {and Black stays clearly on top. Strongly threatening ...b5.} 39. Rf7+ Kb6) 39. Rfxg6 $2 {[%mdl 8192]} (39. Rgxg6 $17 Rh7 40. Kf2) 39... Ne2+ $19 {[%mdl 64] Double Attack} 40. Kf2 Nxg3 41. Kxg3 {KR-KR} Rf5 42. Kg4 Rf4+ 43. Kg3 Rxb4 44. Rg7+ Kb6 45. Kf3 Rb5 46. Ke3 Rd5 47. Rg1 a5 48. Rb1+ Ka6 49. Ke4 Rb5 50. Rc1 a4 51. Ra1 Ka5 52. d4 exd4 53. Kxd4 Rb4+ 54. Kd3 Rb3+ 55. Kc4 b5+ 56. Kc5 Rc3+ {Black mates.} 57. Kd6 a3 58. Kc7 Kb4 59. Rf1 a2 60. Rf4+ Kb3 61. Rf6 a1=Q 62. Kb6 Qa4 63. Rf7 Qd4+ 64. Kb7 b4 65. Rc7 c5 66. Kc8 c4 67. Rg7 Qxg7 {Accuracy: White = 40%, Black = 59%.} 0-1

[Event "Stay Safe Play From Home 322"]
[Site "Emanuel Lasker Arena"]
[Date "2020.07.22"]
[Round "3"]
[White "Fischer_11"]
[Black "Udolerhard"]
[Result "1-0"]
[WhiteElo "2033"]
[BlackElo "1620"]
[Annotator "NA"]
[PlyCount "131"]
[EventDate "2020.07.22"]
[EventType "swiss (blitz)"]

1. e4 {[%emt 0:00:01]} c6 {[%emt 0:00:01]} 2. d4 {[%emt 0:00:01]} d5 {[%emt 0:00:00]} 3. exd5 {[%emt 0:00:00]} cxd5 {[%emt 0:00:02]} 4. c4 {[%emt 0:00:00]} Nc6 {[%emt 0:00:00]} 5. cxd5 {[%emt 0:00:01]} Qxd5 {[%emt 0:00:00]} 6. Nf3 {[%emt 0:00:00]} Qd8 {[%emt 0:00:01]} 7. d5 {[%emt 0:00:01]} Nb8 {[%emt 0:00:03]} 8. Qa4+ {[%emt 0:00:00]} Bd7 {[%emt 0:00:01]} 9. Qb3 {[%emt 0:00:00]} Qc8 {[%emt 0:00:02]} 10. Bf4 {[%emt 0:00:03]} Nf6 {[%emt 0:00:01]} 11. Nc3 {[%emt 0:00:03]} g6 {[%emt 0:00:01]} 12. Rc1 {[%emt 0:00:02]} Bg7 {[%emt 0:00:00]} 13. Nb5 {[%emt 0:00:01]} Qd8 {[%emt 0:00:01]} 14. Nc7+ {[%emt 0:00:01]} Kf8 {[%emt 0:00:00]} 15. Nxa8 {[%emt 0:00:01]} Na6 {[%emt 0:00:00]} 16. Nc7 {[%emt 0:00:04]} Nxc7 {[%emt 0:00:02]} 17. Rxc7 {[%emt 0:00:01]} Qe8 {[%emt 0:00:00]} 18. Rxb7 {[%emt 0:00:03]} Ne4 {[%emt 0:00:01]} 19. Rb8 {[%emt 0:00:01]} Bc8 {[%emt 0:00:02]} 20. Ba6 {[%emt 0:00:01]} Nc5 {[%emt 0:00:02]} 21. Rxc8 {[%emt 0:00:01]} Qxc8 {[%emt 0:00:03]} 22. Bxc8 {[%emt 0:00:01]} Nxb3 {[%emt 0:00:01]} 23. axb3 {[%emt 0:00:00]} Bxb2 {[%emt 0:00:01]} 24. Be5 {[%emt 0:00:01]} Bxe5 {[%emt 0:00:02]} 25. Nxe5 {[%emt 0:00:00]} f6 {[%emt 0:00:00]} 26. Nd3 {[%emt 0:00:02]} Kg7 {[%emt 0:00:00]} 27. Be6 {[%emt 0:00:01]} Rb8 {[%emt 0:00:01]} 28. b4 {[%emt 0:00:01]} a5 {[%emt 0:00:02]} 29. Kd2 {[%emt 0:00:03]} axb4 {[%emt 0:00:01]} 30. Rb1 {[%emt 0:00:00]} b3 {[%emt 0:00:00]} 31. Rb2 {[%emt 0:00:01]} f5 {[%emt 0:00:00]} 32. f4 {[%emt 0:00:01]} Rb6 {[%emt 0:00:02]} 33. g3 {[%emt 0:00:00]} h5 {[%emt 0:00:01]} 34. Kc3 {[%emt 0:00:00]} Kf6 {[%emt 0:00:01]} 35. Rxb3 {[%emt 0:00:00]} Ra6 {[%emt 0:00:00]} 36. Kd4 {[%emt 0:00:01]} Ra1 {[%emt 0:00:00]} 37. Ne5 {[%emt 0:00:01]} Rh1 {[%emt 0:00:00]} 38. Rb8 {[%emt 0:00:01]} Kg7 {[%emt 0:00:01]} 39. Rg8+ {[%emt 0:00:01]} Kh7 {[%emt 0:00:00]} 40. Re8 {[%emt 0:00:01]} Rxh2 {[%emt 0:00:01]} 41. Rxe7+ {[%emt 0:00:00]} Kh8 {[%emt 0:00:01]} 42. Rf7 {[%emt 0:00:02]} Rd2+ {[%emt 0:00:00]} 43. Kc5 {[%emt 0:00:01]} Rg2 {[%emt 0:00:00]} 44. Kd6 {[%emt 0:00:00]} Rxg3 {[%emt 0:00:01]} 45. Rf6 {[%emt 0:00:00]} h4 {[%emt 0:00:01]} 46. Ke7 {[%emt 0:00:00]} h3 {[%emt 0:00:01]} 47. Nxg6+ {[%emt 0:00:01]} Rxg6 {[%emt 0:00:02]} 48. Rxg6 {[%emt 0:00:00]} Kh7 {[%emt 0:00:00]} 49. Rg1 {[%emt 0:00:02]} Kh6 {[%emt 0:00:01]} 50. Rh1 {[%emt 0:00:00]} Kh5 {[%emt 0:00:00]} 51. Rxh3+ {[%emt 0:00:00]} Kg4 {[%emt 0:00:00]} 52. Rf3 {[%emt 0:00:00]} Kxf3 {[%emt 0:00:01]} 53. d6 {[%emt 0:00:00]} Kxf4 {[%emt 0:00:00]} 54. d7 {[%emt 0:00:00]} Kg4 {[%emt 0:00:01]} 55. Bxf5+ {[%emt 0:00:00]} Kxf5 {[%emt 0:00:01]} 56. d8=Q {[%emt 0:00:00]} Kg5 {[%emt 0:00:00]} 57. Qd6 {[%emt 0:00:00]} Kg4 {[%emt 0:00:01]} 58. Qe6+ {[%emt 0:00:00]} Kh4 {[%emt 0:00:01]} 59. Qg8 {[%emt 0:00:01]} Kh5 {[%emt 0:00:00]} 60. Kf6 {[%emt 0:00:00]} Kh4 {[%emt 0:00:00]} 61. Kf5 {[%emt 0:00:00]} Kh3 {[%emt 0:00:00]} 62. Kf4 {[%emt 0:00:00]} Kh2 {[%emt 0:00:00]} 63. Qg6 {[%emt 0:00:00]} Kh1 {[%emt 0:00:00]} 64. Qg5 {[%emt 0:00:00]} Kh2 {[%emt 0:00:01]} 65. Kf3 {[%emt 0:00:00]} Kh3 {[%emt 0:00:01]} 66. Qg3# {[%emt 0:00:00] (Lag: Av=0.66s, max=1.0s)} 1-0

[Event "Stay Safe Play From Home 322"]
[Site "Emanuel Lasker Arena"]
[Date "2020.07.22"]
[Round "3"]
[White "NeatFox"]
[Black "SoulofWolf"]
[Result "1-0"]
[WhiteElo "1768"]
[BlackElo "2120"]
[Annotator "NA"]
[PlyCount "73"]
[EventDate "2020.07.22"]
[EventType "swiss (blitz)"]

1. g4 {[%emt 0:00:01]} e6 {[%emt 0:00:00]} 2. Bg2 {[%emt 0:00:01]} Nf6 {[%emt 0:00:00]} 3. c4 {[%emt 0:00:00]} Nxg4 {[%emt 0:00:01]} 4. Qb3 {[%emt 0:00:01]} Bc5 {[%emt 0:00:01]} 5. Bxb7 {[%emt 0:00:01]} Bxf2+ {[%emt 0:00:06]} 6. Kf1 {[%emt 0:00:05]} Bxb7 {[%emt 0:00:05]} 7. Qxb7 {[%emt 0:00:03]} Nc6 {[%emt 0:00:00]} 8. h3 {[%emt 0:00:02]} Qf6 {[%emt 0:00:04]} 9. Qxa8+ {[%emt 0:00:01]} Ke7 {[%emt 0:00:01]} 10. Nf3 {[%emt 0:00:01]} Rxa8 {[%emt 0:00:02]} 11. d3 {[%emt 0:00:00]} Be3 {[%emt 0:00:02]} 12. hxg4 {[%emt 0:00:04]} Bxc1 {[%emt 0:00:02]} 13. Nbd2 {[%emt 0:00:02]} Bxb2 {[%emt 0:00:02]} 14. Rb1 {[%emt 0:00:01]} h6 {[%emt 0:00:02]} 15. Kg2 {[%emt 0:00:02]} a5 {[%emt 0:00:01]} 16. Rhf1 {[%emt 0:00:02]} a4 {[%emt 0:00:03]} 17. Ne4 {[%emt 0:00:03]} Qf4 {[%emt 0:00:04]} 18. Rxb2 {[%emt 0:00:01]} Qxg4+ {[%emt 0:00:00]} 19. Ng3 {[%emt 0:00:01]} h5 {[%emt 0:00:02]} 20. Kf2 {[%emt 0:00:01]} f5 {[%emt 0:00:05]} 21. Rg1 {[%emt 0:00:01]} a3 {[%emt 0:00:05]} 22. Rb7 {[%emt 0:00:03]} e5 {[%emt 0:00:01]} 23. Rxc7 {[%emt 0:00:03]} e4 {[%emt 0:00:02]} 24. Nxe4 {[%emt 0:00:03]} Qf4 {[%emt 0:00:00]} 25. Ng3 {[%emt 0:00:02]} h4 {[%emt 0:00:01]} 26. Rxc6 {[%emt 0:00:02]} hxg3+ {[%emt 0:00:02]} 27. Rxg3 {[%emt 0:00:00]} dxc6 {[%emt 0:00:00]} 28. Rxg7+ {[%emt 0:00:01]} Kf6 {[%emt 0:00:01]} 29. Rg2 {[%emt 0:00:01]} Rh8 {[%emt 0:00:00]} 30. Ke1 {[%emt 0:00:01]} Rh3 {[%emt 0:00:00]} 31. Kf2 {[%emt 0:00:00]} Qd2 {[%emt 0:00:01]} 32. Nxd2 {[%emt 0:00:01]} Rh4 {[%emt 0:00:00]} 33. Nf3 {[%emt 0:00:00]} Rh5 {[%emt 0:00:00]} 34. Ne5 {[%emt 0:00:01]} Rh6 {[%emt 0:00:00]} 35. Nd7+ {[%emt 0:00:00]} Ke6 {[%emt 0:00:02]} 36. Nf8+ {[%emt 0:00:00]} Kd6 {[%emt 0:00:00] '} 37. Ng6 {[%emt 0:00:00] (Lag: Av=0.52s, max=1.4s)} 1-0

[Event "Stay Safe Play From Home 322"]
[Site "Emanuel Lasker Arena"]
[Date "2020.07.22"]
[Round "3"]
[White "Oznog"]
[Black "Meini"]
[Result "1-0"]
[WhiteElo "1757"]
[BlackElo "1580"]
[Annotator "NA"]
[PlyCount "111"]
[EventDate "2020.07.22"]
[EventType "swiss (blitz)"]

1. d4 {[%emt 0:00:01]} d5 {[%emt 0:00:01]} 2. c4 {[%emt 0:00:00]} c6 {[%emt 0:00:01]} 3. Nc3 {[%emt 0:00:00]} Nf6 {[%emt 0:00:01]} 4. Nf3 {[%emt 0:00:00]} Bg4 {[%emt 0:00:02]} 5. e3 {[%emt 0:00:00]} e6 {[%emt 0:00:01]} 6. cxd5 {[%emt 0:00:00]} Nxd5 {[%emt 0:00:02]} 7. h3 {[%emt 0:00:00]} Bh5 {[%emt 0:00:01]} 8. Bd3 {[%emt 0:00:01]} Nxc3 {[%emt 0:00:01]} 9. bxc3 {[%emt 0:00:01]} Be7 {[%emt 0:00:01]} 10. O-O {[%emt 0:00:01]} O-O {[%emt 0:00:00]} 11. g4 {[%emt 0:00:01]} Bg6 {[%emt 0:00:03]} 12. Bxg6 {[%emt 0:00:00]} hxg6 {[%emt 0:00:02]} 13. Qd3 {[%emt 0:00:00]} Nd7 {[%emt 0:00:01]} 14. e4 {[%emt 0:00:01]} c5 {[%emt 0:00:01]} 15. d5 {[%emt 0:00:01]} exd5 {[%emt 0:00:01]} 16. exd5 {[%emt 0:00:00]} Nf6 {[%emt 0:00:01]} 17. c4 {[%emt 0:00:01]} Bd6 {[%emt 0:00:01]} 18. Re1 {[%emt 0:00:02]} a6 {[%emt 0:00:01]} 19. Bb2 {[%emt 0:00:01]} Re8 {[%emt 0:00:01]} 20. Rxe8+ {[%emt 0:00:02]} Qxe8 {[%emt 0:00:01]} 21. Re1 {[%emt 0:00:00]} Qd8 {[%emt 0:00:02]} 22. g5 {[%emt 0:00:04]} Nh5 {[%emt 0:00:02]} 23. h4 {[%emt 0:00:01]} Qd7 {[%emt 0:00:01]} 24. Qe4 {[%emt 0:00:02]} b5 {[%emt 0:00:02]} 25. Ne5 {[%emt 0:00:02]} Bxe5 {[%emt 0:00:02]} 26. Qxe5 {[%emt 0:00:00]} f6 {[%emt 0:00:03]} 27. Qe6+ {[%emt 0:00:01]} Qxe6 {[%emt 0:00:02]} 28. Rxe6 {[%emt 0:00:00]} Kf7 {[%emt 0:00:02]} 29. Rc6 {[%emt 0:00:06]} bxc4 {[%emt 0:00:01]} 30. Rxc5 {[%emt 0:00:01]} Rb8 {[%emt 0:00:00]} 31. Bd4 {[%emt 0:00:04]} Rb7 {[%emt 0:00:01]} 32. Rxc4 {[%emt 0:00:01]} Rd7 {[%emt 0:00:01]} 33. Rc5 {[%emt 0:00:02]} Nf4 {[%emt 0:00:01]} 34. Ra5 {[%emt 0:00:04]} Ne2+ {[%emt 0:00:01]} 35. Kg2 {[%emt 0:00:02]} Nxd4 {[%emt 0:00:00]} 36. d6 {[%emt 0:00:00]} Rxd6 {[%emt 0:00:01]} 37. a4 {[%emt 0:00:00]} Rd7 {[%emt 0:00:01]} 38. Rc5 {[%emt 0:00:00]} Nf5 {[%emt 0:00:00]} 39. Ra5 {[%emt 0:00:01]} Nxh4+ {[%emt 0:00:00]} 40. Kg3 {[%emt 0:00:00]} Nf5+ {[%emt 0:00:00]} 41. Kg2 {[%emt 0:00:00]} fxg5 {[%emt 0:00:01]} 42. Rxa6 {[%emt 0:00:01]} Nd4 {[%emt 0:00:02]} 43. Ra8 {[%emt 0:00:00]} Re7 {[%emt 0:00:01]} 44. a5 {[%emt 0:00:00]} Re6 {[%emt 0:00:00]} 45. a6 {[%emt 0:00:00]} Kf6 {[%emt 0:00:00]} 46. a7 {[%emt 0:00:02]} Ra6 {[%emt 0:00:00]} 47. Rf8+ {[%emt 0:00:01]} Ke7 {[%emt 0:00:01]} 48. a8=Q {[%emt 0:00:00]} Rxa8 {[%emt 0:00:01]} 49. Rxa8 {[%emt 0:00:00]} g4 {[%emt 0:00:01]} 50. Ra7+ {[%emt 0:00:00]} Kf6 {[%emt 0:00:01]} 51. Ra4 {[%emt 0:00:01]} Kg5 {[%emt 0:00:00]} 52. Rxd4 {[%emt 0:00:01]} Kh4 {[%emt 0:00:01]} 53. Rd6 {[%emt 0:00:01]} g5 {[%emt 0:00:00]} 54. Rd8 {[%emt 0:00:01]} g3 {[%emt 0:00:02]} 55. Rg8 {[%emt 0:00:00]} Kg4 {[%emt 0:00:00]} 56. fxg3 {[%emt 0:00:01] Zeit (Lag: Av=0.52s, max=1.2s)} 1-0

[Event "Stay Safe Play From Home 322"]
[Site "Emanuel Lasker Arena"]
[Date "2020.07.22"]
[Round "3"]
[White "Trotsky"]
[Black "Klasman"]
[Result "0-1"]
[WhiteElo "1604"]
[BlackElo "1403"]
[Annotator "NA"]
[PlyCount "52"]
[EventDate "2020.07.22"]
[EventType "swiss (blitz)"]

1. d4 {[%emt 0:00:01]} f5 {[%emt 0:00:01]} 2. e3 {[%emt 0:00:00]} Nf6 {[%emt 0:00:01]} 3. c4 {[%emt 0:00:01]} e6 {[%emt 0:00:01]} 4. Nc3 {[%emt 0:00:01]} Bb4 {[%emt 0:00:02]} 5. Bd3 {[%emt 0:00:01]} c5 {[%emt 0:00:02]} 6. Qc2 {[%emt 0:00:01]} Nc6 {[%emt 0:00:03]} 7. Nf3 {[%emt 0:00:01]} Ne4 {[%emt 0:00:03]} 8. Bd2 {[%emt 0:00:01]} cxd4 {[%emt 0:00:05]} 9. exd4 {[%emt 0:00:02]} Bxc3 {[%emt 0:00:03]} 10. bxc3 {[%emt 0:00:01]} d5 {[%emt 0:00:03]} 11. c5 {[%emt 0:00:02]} Bd7 {[%emt 0:00:01]} 12. Be3 {[%emt 0:00:01]} O-O {[%emt 0:00:02]} 13. O-O-O {[%emt 0:00:01]} a5 {[%emt 0:00:02]} 14. h4 {[%emt 0:00:01]} a4 {[%emt 0:00:01]} 15. g4 {[%emt 0:00:01]} Qa5 {[%emt 0:00:01]} 16. gxf5 {[%emt 0:00:03]} exf5 {[%emt 0:00:02]} 17. Ng5 {[%emt 0:00:01]} h6 {[%emt 0:00:02]} 18. Nxe4 {[%emt 0:00:03]} fxe4 {[%emt 0:00:01]} 19. Bxe4 {[%emt 0:00:01]} dxe4 {[%emt 0:00:02]} 20. Qxe4 {[%emt 0:00:01]} Bf5 {[%emt 0:00:02]} 21. Qd5+ {[%emt 0:00:01]} Kh8 {[%emt 0:00:05]} 22. Rdg1 {[%emt 0:00:03]} Qxc3+ {[%emt 0:00:01]} 23. Kd1 {[%emt 0:00:02]} Bc2+ {[%emt 0:00:03]} 24. Kc1 {[%emt 0:00:01]} Bb3+ {[%emt 0:00:01]} 25. Kb1 {[%emt 0:00:02]} Qc2+ {[%emt 0:00:02]} 26. Ka1 {[%emt 0:00:02]} Qxa2# {[%emt 0:00:01] (Lag: Av=0.41s, max=0.7s)} 0-1

[Event "Stay Safe Play From Home 322"]
[Site "Emanuel Lasker Arena"]
[Date "2020.07.22"]
[Round "3"]
[White "Mandy"]
[Black "mcwashere99"]
[Result "0-1"]
[WhiteElo "882"]
[BlackElo "1620"]
[Annotator "NA"]
[PlyCount "38"]
[EventDate "2020.07.22"]
[EventType "swiss (blitz)"]

1. d4 {[%emt 0:00:05]} a6 {[%emt 0:00:00]} 2. Bf4 {[%emt 0:00:01]} b5 {[%emt 0:00:01]} 3. e3 {[%emt 0:00:01]} Bb7 {[%emt 0:00:01]} 4. c3 {[%emt 0:00:01]} Nf6 {[%emt 0:00:02]} 5. Nf3 {[%emt 0:00:01]} g6 {[%emt 0:00:00]} 6. h3 {[%emt 0:00:01]} Bg7 {[%emt 0:00:00]} 7. Bd3 {[%emt 0:00:02]} d6 {[%emt 0:00:00]} 8. O-O {[%emt 0:00:02]} Nbd7 {[%emt 0:00:00]} 9. Nbd2 {[%emt 0:00:01]} O-O {[%emt 0:00:00]} 10. Qc2 {[%emt 0:00:03]} Qe8 {[%emt 0:00:00]} 11. Rac1 {[%emt 0:00:04]} e5 {[%emt 0:00:01]} 12. dxe5 {[%emt 0:00:05]} dxe5 {[%emt 0:00:00]} 13. Nxe5 {[%emt 0:00:03]} Nxe5 {[%emt 0:00:00]} 14. Bg3 {[%emt 0:00:06]} Rd8 {[%emt 0:00:03]} 15. Be4 {[%emt 0:00:08]} Rxd2 {[%emt 0:00:02]} 16. Qxd2 {[%emt 0:00:08]} Nxe4 {[%emt 0:00:01]} 17. Qe2 {[%emt 0:00:03]} Nxg3 {[%emt 0:00:01]} 18. fxg3 {[%emt 0:00:02]} Nc4 {[%emt 0:00:00]} 19. b3 {[%emt 0:00:03]} Qxe3+ {[%emt 0:00:01] Zeit (Lag: Av=0.62s, max=1.9s) .} 0-1

[Event "Stay Safe Play From Home 322"]
[Site "Emanuel Lasker Arena"]
[Date "2020.07.22"]
[Round "4"]
[White "Broken sword"]
[Black "Mepe_Nika"]
[Result "1-0"]
[WhiteElo "2444"]
[BlackElo "2409"]
[Annotator "TA"]
[PlyCount "73"]
[EventDate "2020.07.22"]
[EventType "swiss (blitz)"]

{[%evp 28,73,0,0,14,-15,-19,-42,-39,-77,127,-71,56,0,0,0,0,0,0,0,0,0,0,0,0,0,40,41,41,32,106,0,574,575,506,506,29990,29991,29992,523,29987,29988,29988,29989,29997,29998,29998,29999]} 1. e4 c6 2. d4 d5 3. Nc3 dxe4 4. Nxe4 Bf5 5. Ng3 Bg6 6. Nf3 Nd7 7. h4 h6 8. h5 Bh7 9. Bd3 Bxd3 10. Qxd3 e6 11. Bd2 Ngf6 12. O-O-O Be7 13. Kb1 O-O 14. Ne4 c5 15. dxc5 Nxc5 {B19: Classical Caro-Kann: 4...Bf5 main line.} 16. Nxc5 Bxc5 17. Qe2 {Hoping for Bxh6!} Qb6 {[#] Black is slightly better.} 18. Rhf1 $146 ({Predecessor:} 18. Ne5 Rfd8 19. f4 Rac8 20. g4 Bd4 21. c3 Bxe5 22. fxe5 Nd5 23. Qf3 Qc6 24. Rhf1 Rd7 25. g5 Rcd8 26. gxh6 Nxc3+ 27. bxc3 Rxd2 28. Qxf7+ {1-0 (28) Womacka,M (2435)-Rozum,I (2566) chess.com INT 2020}) 18... Bd4 $2 ({Of course not} 18... Nxh5 $6 19. Qe5 $16) (18... Rfd8 $17 {and life is bright.}) 19. Bc1 $2 (19. Nxd4 $16 {keeps the pressure on. Nf3 is the strong threat.} Qxd4 20. Bxh6 $1 {[%mdl 576] Discovered Attack}) 19... Bc5 (19... Nd5 $1 $17 {[%cal Rd5c3] aiming for ...Nc3+.} 20. Qd3 Bxf2) 20. Ne5 (20. g4 $1 $14) 20... Rfd8 21. f4 Rxd1 22. Rxd1 Rd8 23. Rxd8+ Qxd8 24. g4 Qd4 25. g5 hxg5 26. fxg5 Ne4 27. Nf3 Qd5 28. g6 $36 {[%mdl 2048] Black must now prevent gxf7+. White has some pressure.} f5 (28... Be7 $14) 29. a3 {[#]} (29. h6 $16 gxh6 30. Qh2) 29... Bd4 $2 {[%mdl 8192]} (29... Bxa3 $1 $11 {[%mdl 512] and Black is okay.} 30. Nd2 (30. c4 Qd7 $15) (30. bxa3 Nc3+) 30... Nxd2+ 31. Bxd2 Be7) 30. Nxd4 $18 {[%mdl 64] Overworked Piece} Qxd4 {[#]} 31. Qb5 $1 {[%cal Rb5e8]} Nd6 (31... Nf6 $18 32. Qxb7 Qd7 33. Qb8+ Ne8) 32. Qd7 Kf8 33. Bg5 (33. h6 $142 Qh4 34. h7 Qh1 35. b3 a5 {[#]} 36. h8=R+ $1 {[%mdl 512]} Qxh8 37. Qxd6+ Ke8 38. Bg5 Qh1+ 39. Kb2 Qa1+ 40. Kxa1 b5 41. Qe7#) 33... Qd1+ 34. Ka2 {White mates.} Qd5+ 35. b3 f4 36. Qe7+ Kg8 37. Qd8+ {Accuracy: White = 58%, Black = 44%.} 1-0